000 00593cam a2200181 a 4500
001 000004906
005 20200929151529.0
008 770110s1949 mx a 001 p spa
040 _aDO-SdBNP
_bspa
_cBNPHU
082 _aES861.4
_bS486h
100 1 _aSerpas, Lilian,
_d1905-1985.
_914188
245 1 0 _aHuesped de la eternidad :
_b1928-1948 /
_cLilian Serpas.
260 _aMéxico :
_bEl Castillo de Viento,
_c1949.
300 _a159 p. :
_bil. ;
_c20 cm.
650 4 _aPoesía salvadoreña
_912306
650 4 _aLiteratura salvadoreña
_92929
650 4 _aLiteratura latinoaméricana
_ySIGLO XX
_9203
999 _c4712
_d4712